000 02051cam a22004694i 4500
003 PE-LiUPU
005 20250731173514.0
008 150616s r 000 0 d
035 _a(Sirsi) a7785
040 _aPE-LiUPU
_bspa
_cPE-LiUPU
_erda
049 _aPRUA
082 0 4 _a270.9
_bS29
_221
100 1 _aScott Latourette, Kenneth,
_eautor.
245 1 4 _aThe Twentieth Century in Europe.
_n4.
264 1 _aNew york :
_bHarper and Row,
_c1969.
300 _a568 páginas ;
_c21 cm.
336 _atext
_2rdacontent
337 _aunmediated
_2rdamedia
338 _avolume
_2rdacarrier
490 0 _aContemporary Evangelical Perspectives
504 _aBibliografía: páginas 545-560.
505 0 _aThe revolution is augmented, becomes world-wide and further challenges christianity.- An inclusive picture.- The place of the papacy.- The roman catholic church is reinforced by the growth of orders and congregations and by lay organizations.- Worship and devotional life of roman catholics.- The intellectual response of roman catholics.- The countru-By-Country couse of the roman cathholic church.- Thhe share of european roman ctholics in the world-wide spread of the faith.- Roman catholic efforts for christian unity: the Eluropean Phase.- By way of introduction.
526 _aSEG42
526 _aSEG41
526 _aSEG40
526 _aSEG39
526 _aP94
526 _aP87
526 _aP86
526 _aP85
526 _aP77
526 _aP76
526 _aP35
650 0 4 _aIGLESIA - EUROPA ORIENTAL - HISTORIA.
910 _ajck
_bjvq
_cjck
942 _2ddc
_cBOOK
949 _a270.9 S29 4
_wDEWEY
_c1
_i41299
_lCCODEBUL1
_mBUL
_p00.00
_r0
_sY
_tBOOK
_u19960604
_xTEOLOGIA
_zUNKNOWN
_0COMPRA
_o.STAFF. Colección General
994 _aC0
_bPEPRU
596 _a1
999 _a270.9 S29 4
_wDEWEY
_c59066
_i41299
_f2021-11-11
_g5
_lCCODEBUL1
_mBUL
_r0
_sY
_tBOOK
_u2015-6-16
_xTEOLOGIA
_zUNKNOWN
_0COMPRA
_o.STAFF. Colección General
_d59066
980 _81
_gALBERTO SANCHEZ Responsable de Automatización